| 000 | 00614nam a2200169 a 4500 | ||
|---|---|---|---|
| 001 | 000017598 | ||
| 005 | 20200929165150.0 | ||
| 008 | 100329s19uu xxu 000 0 spa d | ||
| 040 |
_aDO-SdBNP _bspa _cBNPHU |
||
| 082 |
_axxx _bC911c |
||
| 100 | 1 |
_aCrawley, Sadie Tiller _938377 |
|
| 245 | 1 | 0 |
_aCreencias por las cuales vivir / _cSadie Tiller Crawley; traducción Floreal Ureta. |
| 260 |
_aSantiago de Chile : _bEditorial El Lucero _aTexas : _bCasa Bautista de Publicaciones _aBuenos Aires : _bJunta Bautista de Publicaciones. |
||
| 300 |
_a120 p. ; _c18 cm. |
||
| 700 | 1 |
_aUreta, Floreal _etrad. _938378 |
|
| 049 | _aBNPD | ||
| 999 |
_c17123 _d17123 |
||